[Event "Gap op"]
[Site "Gap"]
[Date "2009.04.29"]
[Round "5"]
[White "De la Forest, Laurent"]
[Black "Benitah, Yohan"]
[Result "0-1"]
[WhiteElo "1854"]
[BlackElo "2382"]
[PlyCount "52"]
[EventDate "2009.04.??"]
[EventType "swiss"]
[EventRounds "9"]
[EventCountry "FRA"]
[SourceTitle "EXT 2011"]
[Source "ChessBase"]
[SourceDate "2010.11.26"]
[SourceVersion "1"]
[SourceVersionDate "2010.11.26"]
[SourceQuality "1"]

1. e4 c5 2. Nf3 d6 3. d4 cxd4 4. Nxd4 Nf6 5. Nc3 a6 6. Bg5 e6 7. Bc4 Be7 8. Bb3 0-0 9. f4 Nbd7 10. f5 Nc5 11. 0-0 e5 12. Nf3 Ncxe4 13. Bxf6 Nxf6 14. Qd3 Bd7 15. Bd5 Bc6 16. Nd2 Qa5 17. Nb3 Qb6+ 18. Kh1 Rac8 19. Rac1 Nxd5 20. Nxd5 Bxd5 21. Qxd5 Bg5 22. Rcd1 Rxc2 23. Qxd6 Qxd6 24. Rxd6 Rxb2 25. Nc5 Be7 26. Rd5 Rb5 0-1

[Event "Le Touquet op 22nd"]
[Site "Le Touquet"]
[Date "2007.11.02"]
[Round "9"]
[White "Krasucki, Youri"]
[Black "De la Forest, Laurent"]
[Result "1-0"]
[WhiteElo "2037"]
[BlackElo "1861"]
[PlyCount "39"]
[EventDate "2007.10.27"]
[EventType "swiss"]
[EventRounds "9"]
[EventCountry "FRA"]
[SourceTitle "EXT 2008"]
[Source "ChessBase"]
[SourceDate "2007.11.25"]
[SourceVersion "1"]
[SourceVersionDate "2007.11.25"]
[SourceQuality "1"]

1. e4 e5 2. Nf3 Nc6 3. d4 exd4 4. Nxd4 Nf6 5. Nxc6 bxc6 6. e5 Qe7 7. Qe2 Nd5 8. c4 Ba6 9. g3 g6 10. Bg2 Qb4+ 11. Nd2 Bh6 12. f4 0-0 13. 0-0 Qc5+ 14. Kh1 Nb6 15. b3 d5 16. exd6 Rae8 17. Ne4 Bg7 18. Bb2 Qxd6 19. Bxg7 Kxg7 20. Qb2+ 1-0

[Event "Pierrevert op 5th"]
[Site "Pierrevert"]
[Date "2007.04.16"]
[Round "2"]
[White "De la Forest, Laurent"]
[Black "Njili, Kamel"]
[Result "0-1"]
[WhiteElo "1835"]
[BlackElo "2298"]
[PlyCount "84"]
[EventDate "2007.04.15"]
[EventType "swiss"]
[EventRounds "9"]
[EventCountry "FRA"]
[SourceTitle "CBM 118 Extra"]
[Source "ChessBase"]
[SourceDate "2007.07.04"]
[SourceVersion "1"]
[SourceVersionDate "2007.07.04"]
[SourceQuality "1"]

1. e4 c5 2. Nf3 d6 3. d4 cxd4 4. Nxd4 Nf6 5. Nc3 a6 6. Be2 e5 7. Nb3 Be7 8. 0-0 Be6 9. Bg5 Nbd7 10. Qd2 b5 11. a3 Rc8 12. Rad1 Qc7 13. f4 0-0 14. f5 Bc4 15. Bxc4 bxc4 16. Nc1 Qb6+ 17. Kh1 Qxb2 18. Rf3 Nc5 19. Qe2 h6 20. Bh4 Qb7 21. Bxf6 Bxf6 22. Nd5 Nd7 23. Rg3 Rc5 24. Qg4 Rxd5 25. Rxd5 Qb1 26. Qd1 Bh4 27. Rg4 Bg5 28. Ne2 Qxd1+ 29. Rxd1 Nf6 30. Rxg5 hxg5 31. Rxd6 Nxe4 32. Rxa6 Rd8 33. g4 Rd2 34. Ng3 Nxg3+ 35. hxg3 Rxc2 36. Ra8+ Kh7 37. Rc8 c3 38. a4 e4 39. Kg1 e3 40. Kf1 Rf2+ 41. Ke1 c2 42. a5 Rh2 0-1